000 00951nam a2200205Ia 4500
999 _c39587
_d39587
001 6187
003 GE_BSU
005 20190701154730.0
008 181216s1980||||ge |||||||||||||| ||geo||
041 _ageo
080 _a621.91(075.8) გ-59
100 _aგოგიტიშვილი, რ.
_93127
245 _aლითონსაჭრელი ჩარხების მიღება და გამოცდა : დამხ.სახელმძღ. /
_cრ. გოგიტიშვილი ; რედ : მ.ძიძიგური.
264 _aთბილისი :
_bსპი,
_c1980.
300 _a147 გვ .:
_c20 სმ.
504 _aბიბლიოგრ.:გვ.144
653 _aლითონსაჭრელი ჩარხების მიღება და გამოცდა
700 _aძიძიგური, მ
_eრედაქტორი
_9472
942 _cBK
_2udc